000 00434nam a2200181Ia 4500
001 14118
005 20260306164851.0
008 260306t2011||||xx |||||||||||||| ||spa||
041 _aESP
082 _a006.78
_bG63
100 _aGómez López, Julio
_eAUT
245 0 _aDiseño y creación de portales web
260 _c2011
300 _a242 páginas :
_c24 cm.
650 _aGEN
654 _aCCC
942 _cLIB
_dJUS
_fJUS
_2ddc
_n
999 _c14118
_d14118